000
00309 a2200109 4500
001
ART_24963
005
20260410161933.0
008
260409a
245
1
0
_a
Leasing inmobiliario (II)
100
1
_a
Lanús de la Serna, Rodolfo
773
0
_t
Informe
_g
- Año II, Nº 7 (ene. 1970)
_w
REV23765
999
_c
28781
_d
28781